Tennisman Japonais passés dans le top 100 depuis 2015 - Statistiques

Statistiques générales
  • Ce quiz a été pris 16 fois
  • Le résultat moyen est 3 sur 9
Statistiques - réponses
Meilleur classement Réponse % Correct
4ème Kei Nishikori
94%
24ème Yoshihito Nishioka
75%
58ème Taro Daniel
50%
92ème Shintaro Mochizuki
44%
72ème Yosuke Watanuki
13%
47ème Go Soeda
6%
78ème Yasutaka Uchiyama
6%
36ème Yuichi Sugita
6%
60ème Tatsuma Ito
0%
Aucun quiz correspondant
Distribution des résultats
% des personnes avec chaque résultat
Percentile par nombre de réponses
Votre historique - résultats
Vous n’avez pas pris ce quiz